| 000 | 00417nam a2200157 a 4500 | ||
|---|---|---|---|
| 001 | 000041429 | ||
| 005 | 20201002034900.0 | ||
| 008 | 131004s1995 xxu 000 0 spa d | ||
| 020 | _a0425150275 | ||
| 040 |
_aDO-SdBNP _bspa _cBNPHU |
||
| 082 |
_axx _bxxxx |
||
| 100 | 1 |
_aBennett, Cherie _968101 |
|
| 245 | 1 | 0 |
_aSunset tears. / _cCherie Bennett. |
| 260 |
_aNew York : _bSplash Book, _c1995. |
||
| 300 |
_a209 p. ; _c17 cm. |
||
| 999 |
_c40919 _d40919 |
||